000 00706nam a2200181Ia 4500
999 _c10501
_d10501
008 210107s9999 xx 000 0 und d
020 _a8170367719
100 _aRogaly, Ben, Harris-White, Barbara and Bose, Sugata
245 0 _aSonar Bangla ? : agricultural growth and agrarian change in West Bengal & Bangladesh
_cedited by Ben Rogaly, Barbara Harriss-White and Sugata Bose.
260 _aNew Delhi
_bSAGE Publications
_c1999
300 _a424p.
650 0 _aAgriculture - Economic aspects - India - West Bengal
650 0 _aAgriculture - Economic aspects - Bangladesh
700 _94630
_aRogaly, Ben
700 _94631
_aHarriss-White, Barbara
700 _94632
_aBose, Sugata
942 _cBK
_2ddc